000 01775cam a22004694i 4500
003 PE-LiUPU
005 20250731173123.0
008 150623s1992 ilua rb 000 0 eng d
035 _a(Sirsi) a25685
040 _aPE-LiUPU
_bspa
_cPE-LiUPU
_erda
049 _aPRUA
082 0 4 _a248.42
_bD71
_221
100 1 _aDickinson, Richard W.,
_eautor.
245 1 4 _aThe child in each of us :
_bworkbook /
_cRichard W. Dickinson.
264 1 _aWheaton, Illinois :
_bVíctor Books,
_c1992.
300 _a280 páginas :
_bilustraciones ;
_c24 centímetros.
336 _atext
_2rdacontent
337 _aunmediated
_2rdamedia
338 _avolume
_2rdacarrier
490 0 _aThe Recovery Bookshelf
504 _aIncluye bibliografía.
505 0 _aContenido: Discovering the Inner Child -- Abuses of the Inner Child -- The Many Masks We Wear -- Why We Feel So Alone with Others -- Why Marriages Often Fail -- Creating Our Own Stress -- Releasing the Inner Child -- Developing Caring Inner Parent -- Suggestions for People-Helpers.
526 _aSEG42
526 _aSEG41
526 _aSEG40
526 _aSEG39
526 _aP94
526 _aP87
526 _aP86
526 _aP85
526 _aP77
526 _aP76
526 _aP35
650 0 4 _aVida cristiana.
700 1 _aCarole Gift PageBeth Funk.
942 _2ddc
_cBOOK
949 _a248.42 D71
_wDEWEY
_c1
_i49814
_lCCODEBUL1
_mBUL
_p00.00
_r0
_sY
_tBOOK
_u2015-06-24
_xTEOLOGIA
_PP35
_0COMPRA
_o.STAFF. Colección General
994 _aC0
_bPEPRU
596 _a1
999 _a248.42 D71
_wDEWEY
_c32633
_i49814
_f2021-11-10
_g5
_lCCODEBUL1
_mBUL
_p25.00
_r0
_sY
_tBOOK
_u2015-6-24
_xTEOLOGIA
_PP35
_0COMPRA
_o.STAFF. Colección Teología
_d32633
980 _81
_gALBERTO SANCHEZ Responsable de Automatización